000 00535nam a2200217Ia 4500
003 OSt
005 20220928151041.0
006 a|||||r|||| 00| 0
007 ta
008 220927b |||||||| |||| 00| 0 eng d
024 _a108605
037 _cTextual
040 _aSDCL
_cSDCL
_beng
041 _2eng
_aeng
082 _aO-,1H40:g, H8
100 _aRickert Edith Co.
_9516314
245 0 _aChaucer's world
260 _c1948
942 _hO-,1H40:g, H8
_cTEXL
_2CC
999 _c848550
_d848550